|
|
|
|
| LEADER |
01888nam a2200433 a 4500 |
| 001 |
EBC3039659 |
| 003 |
MiAaPQ |
| 005 |
20200520144314.0 |
| 006 |
m o d | |
| 007 |
cr cn||||||||| |
| 008 |
130114s2013 ja a sb i001 0 eng d |
| 010 |
|
|
|z 2012048633
|
| 020 |
|
|
|z 9789280812237 (pbk.)
|
| 020 |
|
|
|a 9789280871920 (electronic bk.)
|
| 035 |
|
|
|a (MiAaPQ)EBC3039659
|
| 035 |
|
|
|a (Au-PeEL)EBL3039659
|
| 035 |
|
|
|a (CaPaEBR)ebr10752399
|
| 035 |
|
|
|a (OCoLC)868951055
|
| 040 |
|
|
|a MiAaPQ
|c MiAaPQ
|d MiAaPQ
|
| 043 |
|
|
|a a-ja---
|a a------
|
| 050 |
|
4 |
|a HD1289.J3
|b L63 2013
|
| 082 |
0 |
4 |
|a 333.73
|2 23
|
| 245 |
0 |
0 |
|a Local commons and democratic environmental governance
|h [electronic resource] /
|c edited by Takeshi Murota and Ken Takeshita.
|
| 260 |
|
|
|a Tokyo, Japan :
|b United Nations University Press,
|c 2013.
|
| 300 |
|
|
|a xxvi, 412 p. :
|b ill.
|
| 504 |
|
|
|a Includes bibliographical references and index.
|
| 505 |
0 |
|
|a pt. I. Theoretical studies of the commons -- pt. II. Institution of the commons -- pt. III. Local commons and survival strategies under globalization -- pt. IV. Collaboration, democracy and multilevel environmental governance.
|
| 533 |
|
|
|a Electronic reproduction. Ann Arbor, MI : ProQuest, 2015. Available via World Wide Web. Access may be limited to ProQuest affiliated libraries.
|
| 650 |
|
0 |
|a Natural resources, Communal
|z Japan
|x Management.
|
| 650 |
|
0 |
|a Commons
|z Japan.
|
| 650 |
|
0 |
|a Environmental policy
|z Japan
|x Citizen participation.
|
| 650 |
|
0 |
|a Natural resources, Communal
|z Asia
|x Management.
|
| 650 |
|
0 |
|a Commons
|z Asia.
|
| 650 |
|
0 |
|a Environmental policy
|z Asia
|x Citizen participation.
|
| 655 |
|
4 |
|a Electronic books.
|
| 700 |
1 |
|
|a Murota, Takeshi,
|d 1943-
|
| 700 |
1 |
|
|a Takeshita, Ken,
|d 1946-
|
| 710 |
2 |
|
|a ProQuest (Firm)
|
| 856 |
4 |
0 |
|u https://ebookcentral.proquest.com/lib/matrademy/detail.action?docID=3039659
|z Click to View
|